Corporate World: (Record no. 57016)

MARC details
000 -LEADER
fixed length control field 00607nam a22001937a 4500
005 - DATE AND TIME OF LATEST TRANSACTION
control field 20250409151359.0
010 ## - LCCN (DPL NO)
LC control number ENG-103846 ENG-144596
020 ## - INTERNATIONAL STANDARD BOOK NUMBER
Terms of availability 150.00
035 ## - SYSTEM CONTROL NUMBER
System control number EN-87379
035 ## - SYSTEM CONTROL NUMBER
System control number EN-128128
037 ## - SOURCE OF ACQUISITION
Source of stock number/acquisition DBAD/PUB
082 ## - DEWEY DECIMAL CLASSIFICATION NUMBER
Classification number 658.4
100 ## - MAIN ENTRY--PERSONAL NAME
Personal name Ramasubramanyan, N.
245 ## - TITLE STATEMENT
Title Corporate World:
Remainder of title An Overview/
Statement of responsibility, etc N. Ramasubramanyan
260 ## - PUBLICATION, DISTRIBUTION, ETC. (IMPRINT)
Place of publication, distribution, etc Chennai
Name of publisher, distributor, etc Natesan Charities
Date of publication, distribution, etc 2009
270 ## - ADDRESS
Address 12, Brindavan Avenue, Tambaram West,
City Chennai
Postal code 45
Telephone number 91-44-22266614
Fax number 91-44-22266614
300 ## - PHYSICAL DESCRIPTION
Extent 174p. :
Dimensions 22cm (pbk)
Other physical details b & w photos
942 ## - ADDED ENTRY ELEMENTS (KOHA)
Source of classification or shelving scheme Dewey Decimal Classification
Item type English Books
Call number suffix RAM
Classification part 658.4
Holdings
Withdrawn status Lost status Not for loan Collection code Home library Current library Date acquired Source of acquisition Cost, normal purchase price Full call number Barcode Copy number Cost, replacement price Koha item type
      Non-fiction D.B.Act.Division D.B.Act.Division 26/09/2011 DBAD/PUB 150.00 658.4 RAM EN-87379 1 150.00 English Books
      Non-fiction Patel Nagar Patel Nagar 09/04/2025 Delivery of Books Act Division 150.00 RAM 658.4 EN-128128 1 150.00 English Books

© Delhi Public Library
Hit Counter
free hit counter